| 000 | 00000nam##2200000za#4500 |
| 001 | 9.662749 |
| 003 | CaOODSP |
| 005 | 20241203113635 |
| 007 | ta |
| 008 | 150407|2001||||xxc||||| f|0| 0 eng|d |
| 020 | |a0-662-65799-3 |
| 040 | |aCaOODSP|beng |
| 041 | |aeng |
| 041 | |afre |
| 043 | |an-cn--- |
| 086 | 1 |aEn40-628/2001 |
| 110 | 1 |aCanada. |bEnvironment Canada. |
| 245 | 10|aCompliance and enforcement policy for the Canadian Environmental Protection Act, 1999 (CEPA, 1999) |
| 260 | |aOttawa - Ontario : |bEnvironment Canada |c2001. |
| 300 | |aEnglish text, 38p. ; |c28 cm. |
| 500 | |aCanadian cataloguing in publication data printed on this publication. N.B.: Incorrect catalogue number (En40-628/2001E) and ISBN (0-662-30144-7) printed on this publication. |
| 546 | |aBilingual |
| 563 | |aSoftcover |
| 590 | |a01-16|b2001-04-20 |
| 690 | 07|aEnvironmental law|2gcpds |
| 690 | 07|aEnvironmental policy|2gcpds |
| 690 | 07|aEnvironmental protection|2gcpds |
| 776 | 0#|tCompliance and enforcement policy for the Canadian Environmental Protection Act, 1999 (CEPA, 1999) |w(CaOODSP)9.696179 |
| 792 | |tPolitique d'observation et d'application de la Loi canadienne surla protection de l'environnement, 1999 (LCPE, 1999) |efre|w(CaOODSP)9.662750 |